| 000 | 00393nam a22001577a 4500 | ||
|---|---|---|---|
| 003 | OSt | ||
| 008 | 240508b |||||||| |||| 00| 0 eng d | ||
| 041 | _amal | ||
| 082 |
_a581.5 _bCHE/SA |
||
| 100 |
_aCherian, Koshy _96192 |
||
| 245 | _aSasyaparisthithi vinjanam | ||
| 260 |
_aThiruvananthapuram : _bKerala Bhasha Institute, _c1972. |
||
| 300 | _a180p. | ||
| 650 |
_aBotany _95986 |
||
| 942 | _cBK | ||
| 999 |
_c18083 _d18083 |
||